Mathematical theory of rocket flight, (Record no. 543622)

000 -LEADER
fixed length control field 00897cam a22002171 4500
082 ## - DEWEY DECIMAL CLASSIFICATION NUMBER
Classification number 510.246291
Author Mark ROS
-- L-2;P-36
100 1# - MAIN ENTRY--PERSONAL NAME
Personal name Rosser, J. Barkley
9 (RLIN) 39045
245 10 - TITLE STATEMENT
Title Mathematical theory of rocket flight,
Statement of responsibility, etc. by J. Barkley Rosser, Robert R. Newton [and] George L. Gross. [Under the supervision of] Office of Scientific Research and Development, National Defense Research Committee.
250 ## - EDITION STATEMENT
Edition statement 1st ed.
260 ## - PUBLICATION, DISTRIBUTION, ETC.
Place of publication, distribution, etc. New York,
Name of publisher, distributor, etc. McGraw-Hill Book Co.,
Date of publication, distribution, etc. 1947.
300 ## - PHYSICAL DESCRIPTION
Extent viii, 276 p.
Other physical details diagrs.
Dimensions 24 cm.
500 ## - GENERAL NOTE
General note "Final Report No. B2.2 of the Allegany Ballistics Laboratory, OSRD5878."
526 ## - STUDY PROGRAM INFORMATION NOTE
Program name 0
Interest level 0
Reading level 0
Title point value 510_246291000000000_ROS
650 #0 - SUBJECT ADDED ENTRY--TOPICAL TERM
Topical term or geographic name entry element MCE
9 (RLIN) 379
650 #0 - SUBJECT ADDED ENTRY--TOPICAL TERM
Topical term or geographic name entry element Rockets (Ordnance)
9 (RLIN) 39046
700 1# - ADDED ENTRY--PERSONAL NAME
Personal name Gross, George L.
9 (RLIN) 39047
700 1# - ADDED ENTRY--PERSONAL NAME
Personal name Newton, Robert R.,
9 (RLIN) 39048
710 1# - ADDED ENTRY--CORPORATE NAME
Corporate name or jurisdiction name as entry element United States.
9 (RLIN) 21185
710 2# - ADDED ENTRY--CORPORATE NAME
Corporate name or jurisdiction name as entry element George Washington University.
9 (RLIN) 39049
942 ## - ADDED ENTRY ELEMENTS (KOHA)
Source of classification or shelving scheme
Koha item type Book
Holdings
Withdrawn status Lost status Source of classification or shelving scheme Damaged status Not for loan Permanent Location Current Location Date acquired Total Checkouts Full call number Barcode Date last seen Price effective from Koha item type
          Military College of Engineering (MCE) Military College of Engineering (MCE) 03/28/2014   510.246291 ROS MCE-29144 03/28/2014 03/28/2014 Book
© 2023 Central Library, National University of Sciences and Technology. All Rights Reserved.